[Event "TCh-SUI National A 2012"]
[Site "Switzerland SUI"]
[Date "2012.09.22"]
[Round "6.1"]
[White "Huebner,R"]
[Black "Prusikin,M"]
[Result "1/2-1/2"]
[WhiteElo "2583"]
[BlackElo "2545"]

1.c4 e6 2.Nf3 Nf6 3.g3 d5 4.Bg2 dxc4 5.Qa4+ Nbd7 6.Qxc4 a6 7.Qc2 c5 8.Nc3 Ra7
9.O-O b6 10.d4 Bb7 11.Be3 Qa8 12.dxc5 Bxc5 13.Bxc5 Nxc5 14.Rfd1 O-O 15.Rd6 b5  1/2-1/2

[Event "Trans-Europa-Schach-Express 2012"]
[Site "Potsdam GER"]
[Date "2012.10.13"]
[Round "2.1"]
[White "Hort,V"]
[Black "Huebner,R"]
[Result "1/2-1/2"]
[WhiteElo "2463"]
[BlackElo "2581"]

1.Nf3 Nf6 2.c4 c5 3.Nc3 Nc6 4.d4 cxd4 5.Nxd4 e6 6.e4 Bb4 7.Nxc6 bxc6 8.Bd3 d6
9.Qc2 Nd7 10.O-O O-O 11.Be3 Bc5 12.Rae1 e5 13.Na4 Bxe3 14.Rxe3 Re8 15.c5 Nxc5
16.Nxc5 dxc5 17.Bc4 Qe7 18.Rd1 Be6 19.Bxe6 Qxe6 20.b3 Rad8 21.Rc1 c4 22.Qxc4 Qxc4
23.bxc4 g6 24.Ra3 Re7 25.Ra6 Rb7 26.Rxc6 Rb2 27.Ra6 Rc2 28.Rf1 Rd7 29.Ra5 Rxc4
30.Rxe5 Ra4 31.Re8+ Kg7 32.e5 Rxa2 33.e6 fxe6 34.Rxe6 a5 35.Ra6 a4 36.h4 Rd4
37.g3 Kh6 38.Kg2 Rb2 39.Kh3 Rb3 40.Ra1 Rbb4 41.Ra7  1/2-1/2

[Event "Trans-Europa-Schach-Express 2012"]
[Site "Potsdam GER"]
[Date "2012.10.13"]
[Round "4.5"]
[White "Swiercz,D"]
[Black "Huebner,R"]
[Result "1/2-1/2"]
[WhiteElo "2609"]
[BlackElo "2581"]

1.e4 e5 2.Nf3 Nc6 3.Bb5 Nf6 4.d3 d6 5.O-O Bd7 6.c3 g6 7.Re1 Bg7 8.h3 O-O
9.a4 a6 10.Bc4 Be6 11.Nbd2 Qd7 12.a5 h6 13.Qb3 Rab8 14.Nf1 b5 15.axb6 Rxb6
16.Qa4 Bxc4 17.Qxc4 a5 18.Ne3 Ra8 19.Qa4 Nd8 20.b4 Rba6 21.Qxd7 Nxd7 22.b5 R6a7
23.Nd5 Ne6 24.Be3 Ndc5 25.Red1 Rb7 26.c4 Kh7 27.Ra3 f5 28.Nd2 a4 29.Kf1 h5
30.Ke2 Bh6 31.h4 Bxe3 32.fxe3 fxe4 33.Nf6+ Kg7 34.Nfxe4 Rd8 35.Nc3 Ra7 36.Rda1 Rda8
37.R1a2 Kh6 38.Nde4 Nb3 39.Kd1 Nbc5 40.Ke2 Nb3 41.Kd1 Nbc5 42.Kd2 Nb3+ 43.Kc2 Nbc5
44.Ra1 Kg7 45.R1a2  1/2-1/2

[Event "Trans-Europa-Schach-Express 2012"]
[Site "Potsdam GER"]
[Date "2012.10.13"]
[Round "5.1"]
[White "Huebner,R"]
[Black "Karpov,Ana"]
[Result "1/2-1/2"]
[WhiteElo "2581"]
[BlackElo "2616"]

1.e4 e5 2.Nf3 Nc6 3.Bb5 Nf6 4.O-O Nxe4 5.d4 Nd6 6.dxe5 Nxb5 7.a4 Nbd4 8.Nxd4 d5
9.exd6 Bxd6 10.Re1+ Ne7 11.Nb5 Be6 12.N1c3 O-O 13.Nxd6 cxd6 14.Bf4 Nf5 15.a5 Qd7
16.Ne4 Qc6 17.Qd3 h6 18.a6 d5 19.axb7 Qxb7 20.Nd6 Nxd6 21.Bxd6 Rfe8 22.Be5 f6
23.Bd4 a6 24.h3 Bf7 25.Rxe8+ Rxe8 26.b3 Re6 27.Be3 Rc6 28.Ra5 Qc8 29.Ra2 Qe6
30.Ra5  1/2-1/2

[Event "Trans-Europa-Schach-Express 2012"]
[Site "Potsdam GER"]
[Date "2012.10.14"]
[Round "8.1"]
[White "Kurmann,O"]
[Black "Huebner,R"]
[Result "1/2-1/2"]
[WhiteElo "2450"]
[BlackElo "2581"]

1.e4 e5 2.Nf3 Nc6 3.Bc4 Bc5 4.c3 Nf6 5.d3 O-O 6.Nbd2 a6 7.Bb3 d5 8.exd5 Nxd5
9.Ne4 Be7 10.O-O Bf5 11.Re1 Bg6 12.Ng3 Bf6 13.Ne4 Be7 14.Ng3 Bf6 15.Ne4  1/2-1/2

[Event "TCh-SUI 2013"]
[Site "Switzerland SUI"]
[Date "2013.03.17"]
[Round "1.1"]
[White "Hug,W"]
[Black "Huebner,R"]
[Result "1/2-1/2"]
[WhiteElo "2471"]
[BlackElo "2589"]

1.d4 Nf6 2.Nf3 e6 3.Bg5 c5 4.e3 Be7 5.Nbd2 Nc6 6.c3 d5 7.Bd3 b6 8.O-O Bb7
9.Ne5 Nxe5 10.dxe5 Nd7 11.Bxe7 Qxe7 12.f4 f6 13.exf6 gxf6 14.Qh5+ Qf7 15.Qe2 O-O-O
16.Ba6 Nb8 17.Bxb7+ Kxb7 18.a4 Qd7 19.Rfd1 Qc6 20.Nf3 Rhe8 21.b4 e5 22.b5 Qe6
23.fxe5 fxe5 24.e4 d4 25.c4 a5 26.Nh4 Nd7 27.Ra3 Rg8 28.Nf5 Nf6 29.Rf1 Kc7
30.Raf3 Ne8 31.Qd3 Rd7 32.h3 Rg6 33.Kh2 h5 34.R1f2 Rf6 35.Kg1 Rg6  1/2-1/2

[Event "TCh-SUI 2013"]
[Site "Switzerland SUI"]
[Date "2013.05.26"]
[Round "3.2"]
[White "Bogner,S"]
[Black "Huebner,R"]
[Result "1/2-1/2"]
[WhiteElo "2562"]
[BlackElo "2589"]

1.d4 Nf6 2.c4 e6 3.Nf3 b6 4.g3 Bb7 5.Bg2 Be7 6.O-O O-O 7.Nc3 Ne4 8.Bd2 Bf6
9.Ne5 Nxc3 10.Bxc3 Bxg2 11.Kxg2 c5 12.Nf3 cxd4 13.Nxd4 Qc8 14.Qd3 Nc6 15.Nf3 Bxc3
16.Qxc3 Qb7 17.Rfd1 Rac8 18.Rd6 b5 19.Rad1 bxc4 20.Rxd7 Qb5 21.h4 h6 22.Nd4 Nxd4
23.R1xd4 a5 24.Ra7 Rc5 25.Rd6 Qb4 26.e4 Rb5 27.Rd2 Qc5 28.Rdd7 Qe5 29.Kf3 Qf6+
30.Qxf6 gxf6 31.Rdb7 Rxb7 32.Rxb7 Rc8 33.Kg2 c3 34.bxc3 Rxc3 35.Rb3 Rc4  1/2-1/2

[Event "14th Puhajarve Rapid"]
[Site "Puhajarve EST"]
[Date "2013.11.29"]
[Round "3.4"]
[White "Leito,P"]
[Black "Huebner,R"]
[Result "1/2-1/2"]
[WhiteElo "2333"]
[BlackElo "2595"]

1.e4 e6 2.d4 d5 3.e5 c5 4.c3 Nc6 5.Nf3 Qb6 6.Na3 Bd7 7.Nc2 cxd4 8.cxd4 Nge7
9.Be2 a5 10.O-O Ng6 11.Rb1 Be7 12.Bg5 O-O 13.Bxe7 Ngxe7 14.Ne3 Nf5 15.Nxf5 exf5
16.Qd2 h6 17.Rfc1 Rfc8 18.h3 Nd8 19.Rxc8 Rxc8 20.Rc1 Rxc1+ 21.Qxc1 Ne6 22.Qc3 g6
23.Bd1 Bc6 24.Bc2 Kg7 25.g3 Bb5 26.Bb3 Bc6 27.Bc2 Bb5 28.Bb3 Be2 29.Bxd5 Bxf3
30.Bxf3 Nxd4 31.Kg2 Ne6  1/2-1/2

[Event "14th Puhajarve Rapid"]
[Site "Puhajarve EST"]
[Date "2013.11.30"]
[Round "17.4"]
[White "Huebner,R"]
[Black "Ladva,O"]
[Result "1/2-1/2"]
[WhiteElo "2595"]
[BlackElo "2335"]

1.d4 d5 2.Nf3 Nf6 3.Bg5 Ne4 4.Bh4 c5 5.dxc5 Nc6 6.Nbd2 Nxc5 7.e3 g6 8.Be2 Bg7
9.Rb1 O-O 10.O-O Bf5 11.Nb3 Nxb3 12.axb3 Nb4 13.Nd4 Bxd4 14.Qxd4 Nxc2 15.Qc5 Rc8
16.Qxe7 Qxe7 17.Bxe7 Rfe8 18.Bf6 Re6 19.Bg5 Nd4 20.exd4 Bxb1 21.Bb5 Rb6 22.Bd7 Rc7
23.Bd8 Rxd7 24.Bxb6 axb6 25.Rxb1 Rc7 26.g3 Rc2 27.Kg2 Rd2 28.Ra1 Rxd4 29.Ra7 Rb4
30.Rxb7 Rxb3 31.Rd7 Rb5 32.h4 Kg7 33.g4 Kf6 34.g5+ Ke6 35.Rd8 Rxb2 36.Rh8 Rc2
37.Rxh7 Rc8 38.h5 gxh5 39.Rxh5 Rb8 40.Rh6+ Ke7 41.Rh7 Rg8 42.f4 b5 43.Kf3 b4
44.Ke3 b3 45.Kd2 d4 46.Rh3 Rb8 47.Kc1 b2+ 48.Kb1 Ke6 49.Rh6+ Kd5 50.f5 d3
51.g6 fxg6 52.fxg6 d2 53.Rh1 Kd4 54.g7 Ke3 55.Rh3+ Ke4 56.Rh4+ Kf3 57.Rh3+ Ke2
58.Rh2+ Ke3 59.Rh3+ Ke4 60.Rh4+ Ke5 61.Rh5+ Kf6 62.Rd5 Kxg7 63.Rxd2 Kf6 64.Rxb2 Rxb2+  1/2-1/2

[Event "14th Puhajarve Rapid"]
[Site "Puhajarve EST"]
[Date "2013.11.30"]
[Round "18.5"]
[White "Porrasmaa,T"]
[Black "Huebner,R"]
[Result "1-0"]
[WhiteElo "2070"]
[BlackElo "2595"]

1.d4 Nf6 2.Nf3 e6 3.e3 c5 4.Bd3 b6 5.O-O Bb7 6.c4 Be7 7.Nc3 d5 8.b3 O-O 9.Bb2 cxd4
10.exd4 Nc6 11.Rc1 Rc8 12.Re1 Nb4 13.Bf1 Ne4 14.a3 Nxc3 15.Rxc3 Nc6 16.Rce3 Bf6
17.cxd5 Qxd5 18.Bc4 Qd6 19.Ne5 Bxe5 20.dxe5 Qe7 21.Qh5 Rfd8 22.Rh3 h6 23.Rg3 Kf8
24.Bc1 Nd4 25.Rxg7 Kxg7 26.Bxh6+  1-0

[Event "14th Puhajarve Rapid"]
[Site "Puhajarve EST"]
[Date "2013.11.30"]
[Round "19.5"]
[White "Huebner,R"]
[Black "Sepp,O"]
[Result "0-1"]
[WhiteElo "2595"]
[BlackElo "2440"]

1.d4 Nf6 2.Nf3 g6 3.g3 Bg7 4.Bg2 O-O 5.O-O d6 6.c4 Nbd7 7.Nc3 e5 8.e4 c6
9.Re1 exd4 10.Nxd4 Ng4 11.Nce2 Nge5 12.Qc2 Nb6 13.Bf4 Nbxc4 14.Rad1 Qe7 15.b3 Nb6
16.h3 Nbd7 17.Bc1 Nc5 18.f4 Ned7 19.Nc3 a5 20.Bb2 h5 21.Nf3 Re8 22.Kh2 Qf8
23.Qd2 a4 24.b4 a3 25.Ba1 Na6 26.Qxd6 Qxd6 27.Rxd6 Nxb4 28.e5 Nc2 29.Rc1 Nxa1
30.Rxa1 Nc5 31.Rc1 Bf5 32.Nd4 Be6 33.Nxe6 Nxe6 34.Ne4 h4 35.Rb1 hxg3+ 36.Kxg3 Nxf4
37.Kxf4 Bxe5+ 38.Kf3 Bxd6 39.Nxd6 Re7 40.Rb3 b5 41.Kf2 Rd8 42.Ne4 Rd4 43.Re3 Kg7
44.Rxa3 Rdxe4 45.Bxe4 Rxe4 46.Ra6 Rc4 47.a3 Rc3 48.h4 Kh6 49.a4 bxa4 50.Rxa4 Kh5
51.Kg2 f5 52.Rb4 c5 53.Ra4 c4 54.Ra6 Rd3 55.Rc6 c3 56.Rc4 Re3 57.Kf2 Re4
58.Rxc3 Rxh4 59.Rc8 Kg4 60.Rc4+ f4 61.Rc1 Rh2+ 62.Kg1 Ra2 63.Rc6 g5 64.Rc3 f3  0-1

[Event "14th Puhajarve Rapid"]
[Site "Puhajarve EST"]
[Date "2013.11.30"]
[Round "22.4"]
[White "Liiva,R"]
[Black "Huebner,R"]
[Result "1-0"]
[WhiteElo "2454"]
[BlackElo "2595"]

1.e4 e6 2.d4 d5 3.exd5 exd5 4.Nf3 Bd6 5.c4 dxc4 6.Bxc4 Nf6 7.O-O O-O 8.Nc3 Nc6
9.h3 Bf5 10.Bg5 h6 11.Bh4 g5 12.Bg3 Bxg3 13.fxg3 Bg6 14.Ne5 Nxe5 15.dxe5 Nh5
16.Kh2 c6 17.e6 Ng7 18.Qxd8 Rfxd8 19.exf7+ Kf8 20.Rf6 Bd3 21.Bxd3 Rxd3 22.Raf1 Rd7
23.Ne4 Rad8 24.Rxh6 Ke7 25.Rh7  1-0

[Event "14th Puhajarve Rapid"]
[Site "Puhajarve EST"]
[Date "2013.11.30"]
[Round "27.4"]
[White "Huebner,R"]
[Black "Nyback,T"]
[Result "0-1"]
[WhiteElo "2595"]
[BlackElo "2586"]

1.d4 Nf6 2.Nf3 g6 3.g3 Bg7 4.Bg2 d5 5.O-O O-O 6.c4 c6 7.cxd5 cxd5 8.Ne5 Ng4
9.Nxg4 Bxg4 10.Nc3 Nc6 11.h3 Be6 12.e3 Rc8 13.Kh2 Qd7 14.Bd2 f6 15.Rc1 Bf7
16.Qe2 e5 17.Qb5 Rfd8 18.dxe5 fxe5 19.Rfd1 e4 20.Ne2 a6 21.Qb6 Ne5 22.Rxc8 Rxc8
23.Bc3 Qc6 24.Qxc6 bxc6 25.Kg1 Nc4 26.Bxg7 Kxg7 27.b3 Nd6 28.Nc3 Nb5 29.Na4 c5
30.Nb6 Rd8 31.Rd2 Rd6 32.Na4 c4 33.bxc4 dxc4 34.Rxd6 Nxd6 35.Nc3 Kf6 36.Bxe4 Nb5
37.Ne2 Ke5 38.Bc2 c3 39.f4+ Kd6 40.Bd3 Bxa2 41.Bxb5 axb5 42.Nxc3 Bc4 43.Kf2 b4
44.Ne4+ Kd5 45.Nd2 b3 46.g4 b2 47.h4 Bd3 48.f5 gxf5 49.gxf5 Bxf5 50.h5 b1=Q  0-1

[Event "14th Puhajarve Rapid"]
[Site "Puhajarve EST"]
[Date "2013.12.01"]
[Round "35.3"]
[White "Huebner,R"]
[Black "Kulaots,K"]
[Result "1/2-1/2"]
[WhiteElo "2595"]
[BlackElo "2567"]

1.c4 Nf6 2.Nc3 e6 3.Nf3 d5 4.d4 Bb4 5.e3 O-O 6.Bd3 c5 7.O-O dxc4 8.Bxc4 Nbd7
9.a3 cxd4 10.axb4 dxc3 11.bxc3 Qc7 12.Qb3 Nb6 13.Be2 e5 14.Ra5 Be6 15.Qc2 Nbd7
16.c4 b6 17.Ra3 a5 18.bxa5 Rxa5 19.Ng5 Nc5 20.Nxe6 Nxe6 21.Rxa5 bxa5 22.Ba3 Rb8
23.Rd1 Nc5 24.h3 g6 25.Qd2 Kg7 26.Bf3 Rb3 27.Bb2 Rd3 28.Qc2 Rxd1+ 29.Qxd1 Nfd7
30.Bd5 Qb6 31.Bc3 f6 32.Kh2 a4 33.f4 exf4 34.exf4 Qd6 35.g3 Qe7 36.Bb4 Qe3
37.h4 Nd3 38.Bd6 N7c5 39.Bg2 Ne4 40.Bxe4 Qxe4 41.Qxa4 Qe2+ 42.Kh1 Qf1+ 43.Kh2 Qf2+
44.Kh3 Qf1+ 45.Kh2 Qe2+ 46.Kh1 Qf1+ 47.Kh2 Qe2+ 48.Kg1 Nf2 49.Kh2 Qf1 50.Qd7+ Kh6
51.Bf8+ Kh5  1/2-1/2

[Event "TCh-SUI 2014"]
[Site "Switzerland SUI"]
[Date "2014.05.18"]
[Round "3.1"]
[White "Bellini,F"]
[Black "Huebner,R"]
[Result "1/2-1/2"]
[WhiteElo "2451"]
[BlackElo "2592"]

1.e4 e6 2.d3 d5 3.Nd2 Nf6 4.Ngf3 Nc6 5.c3 Be7 6.Be2 O-O 7.O-O a5 8.Qc2 e5
9.a4 Re8 10.Rd1 Bf8 11.exd5 Nxd5 12.Ne4 Bf5 13.Qb3 Nb6 14.Ng3  1/2-1/2